000 00805nam a2200241 i 4500
001 29222
003 BD-RjUL
005 20211209051403.0
008 140402r19461928 enk 00eng eng d
035 _a(BD-RjUL)29307
040 _aIQU
_cIQU
_dBD-RjUL
_beng
041 1 _aengger
082 0 0 _a150.1953
_bADU 1946
_223
100 1 _aAdler, Alfred,
_d1870-1937.
_916817
245 1 0 _aUnderstanding human nature /
_cby Alfred Adler ; translated by Walter Béran Wolfe.
260 _aLondon :
_bGeorge Allen & Unwin,
_c1928 [Impression 1946].
300 _axiii, 286 p. ;
_c21 cm.
500 _aTranslation of Menschenkenntnis.
650 0 _aPsychology.
_989199
650 0 _aCharacters and characteristics.
_989200
700 1 _aWolfe, W. Béran
_q(Walter Béran),
_d1900-1935.
_944956
942 _2ddc
_cBK
999 _c29222
_d29222